=LDR 00000nam 2200000 4500 =001 INLIS000000000000838 =005 20130612085248 =008 ***********************************Ind** =035 ##$$0010-061300000000838 =041 ##$$a Ind =082 ##$$a 92(Ali) =090 ##$$a 92(Ali), Ibr-u =100 ##$$a Ibrahim, Mukhtaruddin =245 ##$$a Usman Bin Haji Muhammad Ali Alias Janatin, Penulis Muchtaruddin Ibrahim, penyunting Suwaji Syafei =260 ##$$a 1993 $b Jakarta =300 ##$$a 75 hlm, ilus, 21 cm =650 ##$$a Ali, Usman Bin Haji Muhammad, 1943-1968 =700 ##$$a Syafei, Suwaji =850 ##$$a NBPNMAT